000 00327nam a22001337a 4500
008 170613b xxu||||| |||| 00| 0 eng d
020 _a9780871876836
041 _aeng
080 _a32
100 _a19
101 _aSHP
245 _aSECRET INTELLIGENCE AND PUBLIC POLICY A DILEMMA OF DEMOCRACY
_cHOLT,P.M
942 _2udc
_cBK
999 _c17189
_d17189